Gaming Quiz

Random Gaming or Numbers Quiz

17x9 Mosaic Logic Puzzle XI Quiz Stats

Quiz not verified by Sporcle

Challenge
Share
Tweet
Score 0/72 Timer 07:00
0 Plays Today
% Correct
???
74.5%
???
74.1%
???
73.8%
???
73.8%
???
73.8%
???
73.7%
???
73.3%
???
73.1%
???
73%
???
72.6%
???
72.5%
???
72.5%
???
71.9%
???
71.3%
???
70.6%
???
69.2%
???
68.7%
???
60.2%
???
59.7%
???
59.5%
???
59.5%
???
59.2%
???
59.1%
???
58%
???
58%
???
57.9%
???
57.7%
???
57.6%
???
57.3%
???
57.1%
???
57%
???
56.7%
???
56.4%
???
55.3%
???
55.3%
???
55.2%
% Correct
???
55%
???
54.7%
???
54.7%
???
54.7%
???
54.4%
???
54.4%
???
54.3%
???
53.9%
???
52.8%
???
51.8%
???
51.6%
???
51.5%
???
51.2%
???
51.1%
???
50.9%
???
50.9%
???
50%
???
49.7%
???
49.5%
???
49.1%
???
48.4%
???
48%
???
46.3%
???
46%
???
45.1%
???
45%
???
45%
???
44.9%
???
44.3%
???
43.1%
???
41.3%
???
40.7%
???
39.6%
???
39.3%
???
38.8%
???
37.8%

You're not logged in!

Compare scores with friends on all Sporcle quizzes.
Join for Free
OR
Log In

You Might Also Like...

Show Comments

Extras

Top Quizzes Today


Score Distribution

Your Account Isn't Verified!

In order to create a playlist on Sporcle, you need to verify the email address you used during registration. Go to your Sporcle Settings to finish the process.

Report this User

Report this user for behavior that violates our Community Guidelines.

Details: